<?xml version="1.0" encoding="UTF-8"?><?xml-stylesheet type="text/xsl" href="static/style.xsl"?><OAI-PMH xmlns="http://www.openarchives.org/OAI/2.0/" xmlns:xsi="http://www.w3.org/2001/XMLSchema-instance" xsi:schemaLocation="http://www.openarchives.org/OAI/2.0/ http://www.openarchives.org/OAI/2.0/OAI-PMH.xsd"><responseDate>2026-04-18T00:33:51Z</responseDate><request verb="GetRecord" identifier="oai:www.recercat.cat:10230/43091" metadataPrefix="marc">https://recercat.cat/oai/request</request><GetRecord><record><header><identifier>oai:recercat.cat:10230/43091</identifier><datestamp>2025-12-23T20:53:52Z</datestamp><setSpec>com_2072_6</setSpec><setSpec>col_2072_452954</setSpec></header><metadata><record xmlns="http://www.loc.gov/MARC21/slim" xmlns:dcterms="http://purl.org/dc/terms/" xmlns:xsi="http://www.w3.org/2001/XMLSchema-instance" xmlns:doc="http://www.lyncode.com/xoai" xsi:schemaLocation="http://www.loc.gov/MARC21/slim http://www.loc.gov/standards/marcxml/schema/MARC21slim.xsd">
   <leader>00925njm 22002777a 4500</leader>
   <datafield ind2=" " ind1=" " tag="042">
      <subfield code="a">dc</subfield>
   </datafield>
   <datafield ind2=" " ind1=" " tag="720">
      <subfield code="a">Mandías Couto, Pedro</subfield>
      <subfield code="e">author</subfield>
   </datafield>
   <datafield ind2=" " ind1=" " tag="260">
      <subfield code="c">2019-12-04T12:02:38Z</subfield>
   </datafield>
   <datafield ind2=" " ind1=" " tag="260">
      <subfield code="c">2019-12-04T12:02:38Z</subfield>
   </datafield>
   <datafield ind2=" " ind1=" " tag="260">
      <subfield code="c">2017</subfield>
   </datafield>
   <datafield ind2=" " ind1=" " tag="520">
      <subfield code="a">Tutor: Ivan Pintor Iranzo</subfield>
   </datafield>
   <datafield ind2=" " ind1=" " tag="520">
      <subfield code="a">Treball de l&amp;apos;assignatura: Cruïlles Contemporànies entre Cinema, Televisió i Còmic, de primer trimestre del màster en Estudis de Cinema i Audiovisual Contemporanis. Curs 2017-2018</subfield>
   </datafield>
   <datafield ind2=" " ind1=" " tag="520">
      <subfield code="a">Pese a ser un fenomeno reciente, el Novo Cinema Galego&#xd;
ha sido estudiado ya desde diversos puntos de vista. Sin embargo, la memoria,&#xd;
pese a ser un elemento que aparece en numerosos de los títulos&#xd;
pertenecientes al movimiento, todavía se encuentra relativamente inexplorado.&#xd;
Este trabajo trata de realizar una aproximación a algunos de los autores que&#xd;
han utilizado este concepto en su práctica cinematográfica.</subfield>
   </datafield>
   <datafield ind2=" " ind1=" " tag="520">
      <subfield code="a">Despite being a recent phenomenon, the Novo Cinema Galego hasbeen studied from different points of view. However, the memory, despite beingan element that appears in many titles belonging to the movement, is stillrelatively unexplored. This work tries to make an approximation to some of theauthors   who   have   used   this   concept   in   their   cinematographic   practice.</subfield>
   </datafield>
   <datafield tag="653" ind2=" " ind1=" ">
      <subfield code="a">Memòria en la cinematografia</subfield>
   </datafield>
   <datafield tag="653" ind2=" " ind1=" ">
      <subfield code="a">Cinematografia -- Galícia -- Història</subfield>
   </datafield>
   <datafield tag="653" ind2=" " ind1=" ">
      <subfield code="a">Directors i productors cinematogràfics -- Galícia</subfield>
   </datafield>
   <datafield ind2="0" ind1="0" tag="245">
      <subfield code="a">Do erro analóxico á Arcadia da infancia: el Novo Cinema Galego y la idea de memoria</subfield>
   </datafield>
</record></metadata></record></GetRecord></OAI-PMH>